Synopsis of Taxes in Pakistan (Record no. 33478)

MARC details
000 -LEADER
fixed length control field 00450nam a22001817a 4500
005 - DATE AND TIME OF LATEST TRANSACTION
control field 20230908172151.0
008 - FIXED-LENGTH DATA ELEMENTS--GENERAL INFORMATION
fixed length control field 230908b |||||||| |||| 00| 0 eng d
020 ## - INTERNATIONAL STANDARD BOOK NUMBER
ISBN 9789698624613
082 ## - DEWEY DECIMAL CLASSIFICATION NUMBER
Classification number 336.200
Item number HUS-S
100 ## - MAIN ENTRY--AUTHOR
Author Name Munawar Hussain
245 ## - TITLE STATEMENT
Title Synopsis of Taxes in Pakistan
260 ## - PUBLICATION, DISTRIBUTION, ETC.
Place of Publication Pakistan
Name of publisher, distributor, etc. IBP Publication
Date of publication, distribution, etc. 2010
300 ## - PHYSICAL DESCRIPTION
Pages 651
500 ## - GENERAL NOTE
General note Include Index
650 ## - SUBJECT ADDED ENTRY--TOPICAL TERM
Subject / Department Economics
700 ## - ADDED ENTRY--PERSONAL NAME
Personal name Munwar Hussain

No items available.

Powered by Koha